=LDR 00000nam 2200000 4500 =001 INLIS000000000051649 =005 20171004092819 =035 ##$$a 0010-1017000088 =007 ta =008 171004###########################0###### =020 ##$$a 978-602-0895-06-2 =082 ##$$a 346.07 =084 ##$$a 346.07 ANT k =100 #$$a Anton Suyatno =245 1#$$a Kepastian Hukum dalam Penyeleswaian Kredit Macet Melalui Eksekusi Jaminan Hak : $b Tanggungan Tanpa Proses Gugatan Pengadilan /$c Anton Suyatno =250 ##$$a Rd.1. Cet. 1. =260 ##$$a Jakarta :$b prenamedia,$c 2016 =300 ##$$a xii, 272 hlm. : $b ilus. ; $c 23 cm =650 ##$$a Kredit Undang-Undang =990 ##$$a 1238112381 =990 ##$$a 1238112381 =990 ##$$a 1238112381 =990 ##$$a 1238112381 =990 ##$$a 1238112381